Los Estados Unidos vistos de cerca : del pacto del Atlántico a Bush /

Na minha lista:
Detalhes bibliográficos
Autor principal: Andreotti, Giulio (autor)
Formato: Livro
Idioma:espanhol
Publicado em: México : Nueva Imagen, 1990, c1990
Assuntos:
Tags: Adicionar Tag
Sem tags, seja o primeiro a adicionar uma tag!

MARC

LEADER 00000nam^a2200000^a^4500
001 000029453
005 20250521000000.0
009 20260310084924.072
020 |a 968-39-0402-5 
037 |a Acervo ITESO - Biblioteca 
041 |a ESP 
082 |a 327. 73  |b AND 
100 |a Andreotti, Giulio  |e (autor) 
245 1 4 |a Los Estados Unidos vistos de cerca :  |b del pacto del Atlántico a Bush /  |c G. Andreotti ; tr. por Guiliana Dal Piaz. 
264 4 |a México :  |b Nueva Imagen,  |c 1990, c1990 
300 |a 271 p. 
336 |a texto  |b txt  |2 rdacontenido 
337 |a sin mediación  |b n  |2 rdamedio 
338 |a volumen  |b nc  |2 rdasoporte 
500 |a Traducción de: Gli USA visti da vicino dal Patto Atlantico a Bush 
610 |a OTAN 
649 |a XX 
650 |a Política Exterior -  |z EUA 
650 |a Política Internacional 
910 |a Fondo General 
920 |a Impresos - Libros 
930 |a Colección General 
905 |a 101 
901 |a 0294530100  |b IT1  |c ACC  |i 029453  |u 20250521 
902 |a https://opac.biblio.iteso.mx/vufind/Record/000029453